| 000 | 00353 a2200157 4500 | ||
|---|---|---|---|
| 001 | 150627 | ||
| 040 | _cEscola São Tomás de Aquino | ||
| 100 | _aNETO, Ernesto Rosa | ||
| 240 | 1 | 0 |
_aAs mil e umas equações _lpor |
| 245 | 1 | 0 | _aAs mil e umas equações |
| 300 | _a55 | ||
| 362 | 0 | _a1999 | |
| 440 | 1 | _aÁtica | |
| 697 | _aMATEMÁTICA | ||
| 942 | _cBK | ||
| 999 |
_c150627 _d150627 |
||